[Event "Catalunya-chT"]
[Site "Spain"]
[Date "1999.??.??"]
[Round "3"]
[White "Medina Garcia, Antonio Angel"]
[Black "Ubach Miralda, Marcelo"]
[Result "1-0"]
[WhiteElo "2425"]
[BlackElo "2410"]
[PlyCount "117"]
[EventDate "1999.??.??"]
[EventType "team"]
[EventRounds "9"]
[EventCountry "ESP"]
[SourceTitle "EXT 2000"]
[Source "ChessBase"]
[SourceDate "1999.11.16"]
[SourceVersion "1"]
[SourceVersionDate "1999.11.16"]
[SourceQuality "1"]

1. e4 c6 2. d4 d5 3. Nc3 dxe4 4. Nxe4 Bf5 5. Ng3 Bg6 6. h4 h6 7. Nf3 Nd7 8. h5 Bh7 9. Bd3 Bxd3 10. Qxd3 Ngf6 11. Bf4 e6 12. 0-0-0 Be7 13. Kb1 0-0 14. Ne4 Nxe4 15. Qxe4 Nf6 16. Qe2 Qd5 17. Ne5 Qe4 18. Qxe4 Nxe4 19. Rde1 Nf6 20. g4 Rfd8 21. c3 c5 22. dxc5 Bxc5 23. f3 b5 24. Rd1 Nd5 25. Bc1 Rd6 26. Nd3 Ne3 27. Bxe3 Bxe3 28. Rhe1 Bg5 29. Nf2 Rad8 30. Rxd6 Rxd6 31. Ne4 Rd5 32. Nxg5 hxg5 33. Kc2 Kf8 34. b3 Ke7 35. c4 bxc4 36. bxc4 Rd4 37. Kc3 Rf4 38. Re3 Kd6 39. Kb4 f5 40. Ra3 a5+ 41. Kb5 fxg4 42. fxg4 Rxg4 43. c5+ Kc7 44. Rxa5 Kb8 45. Kc6 Rd4 46. Rb5+ Ka8 47. Kc7 Ra4 48. c6 g4 49. Rg5 Rxa2 50. Rxg4 Ra5 51. Kd8 Rd5+ 52. Kc8 Ka7 53. c7 Rxh5 54. Kd7 Rd5+ 55. Kxe6 Rc5 56. Kd6 Rc1 57. Ra4+ Kb7 58. Rb4+ Ka7 59. Rb8 1-0

[Event "Valles 3th"]
[Site "Valles"]
[Date "1999.??.??"]
[Round "?"]
[White "Panchenko, Alexandar G"]
[Black "Ubach Miralda, Marcelo"]
[Result "1-0"]
[WhiteElo "2395"]
[BlackElo "2305"]
[PlyCount "37"]
[EventDate "1999.??.??"]
[EventType "tourn"]
[EventRounds "9"]
[EventCountry "ESP"]
[EventCategory "4"]
[SourceTitle "EXT 2000"]
[Source "ChessBase"]
[SourceDate "1999.11.16"]
[SourceVersion "1"]
[SourceVersionDate "1999.11.16"]
[SourceQuality "1"]

1. Nf3 Nf6 2. g3 g6 3. b3 Bg7 4. Bb2 0-0 5. Bg2 c5 6. c4 Nc6 7. 0-0 d5 8. cxd5 Nxd5 9. Bxg7 Kxg7 10. d4 cxd4 11. Nxd4 Nxd4 12. Qxd4+ Nf6 13. Qe5 Qb6 14. Nc3 Be6 15. Na4 Qb4 16. Nc5 Qb6 17. Bxb7 Bh3 18. Bxa8 Bxf1 19. Nd7 1-0

[Event "Catalunya-chT"]
[Site "Spain"]
[Date "1999.??.??"]
[Round "9"]
[White "Rodriguez Sorribes, Jordi A"]
[Black "Ubach Miralda, Marcelo"]
[Result "0-1"]
[WhiteElo "2255"]
[BlackElo "2410"]
[PlyCount "86"]
[EventDate "1999.??.??"]
[EventType "team"]
[EventRounds "9"]
[EventCountry "ESP"]
[SourceTitle "EXT 2000"]
[Source "ChessBase"]
[SourceDate "1999.11.16"]
[SourceVersion "1"]
[SourceVersionDate "1999.11.16"]
[SourceQuality "1"]

1. e4 c6 2. d4 d5 3. Nd2 dxe4 4. Nxe4 Bf5 5. Ng3 Bg6 6. h4 h6 7. Nf3 Nd7 8. Bd3 Bxd3 9. Qxd3 Ngf6 10. Bd2 e6 11. 0-0-0 Be7 12. Ne4 0-0 13. Nxf6+ Nxf6 14. Ne5 Qd5 15. c4 Qe4 16. f3 Qxd3 17. Nxd3 Rfd8 18. Be3 b5 19. b3 a5 20. a4 bxc4 21. bxc4 Nd7 22. Bf4 Nb6 23. Bc7 Rxd4 24. Bxb6 Rxc4+ 25. Kd2 Bxh4 26. Ne5 Bg5+ 27. Kd3 Rxa4 28. Nxc6 Ra3+ 29. Ke4 Ra6 30. Rb1 a4 31. Nb8 Ra8 32. Nd7 Rc8 33. Nc5 Rc3 34. Rb4 Be7 35. Kd4 R3xc5 36. Rxa4 Rb5 37. Ba5 Ra8 38. Rha1 Bf6+ 39. Kc4 Rd5 40. R1a2 Rc8+ 41. Kb3 Rd3+ 42. Kb4 Be7+ 43. Kb5 Rb3+ 0-1